Oficiales liquidadores de arbitrios y tasas sobre especies de consumo del Ayuntamiento de Madrid (Record no. 131417)

MARC details
000 -LEADER
campo de control de longitud fija 00812nam a2200193 4500
001 - NÚMERO DE CONTROL
campo de control 131417
003 - IDENTIFICADOR DE NÚMERO DE CONTROL
campo de control ES-MaACL
005 - FECHA Y HORA DE LA ÚLTIMA TRANSACCIÓN
campo de control 20230906193957.0
007 - CAMPO FIJO DE DESCRIPCIÓN FÍSICA--INFORMACIÓN GENERAL
campo de control de longitud fija t|
008 - DATOS DE LONGITUD FIJA--INFORMACIÓN GENERAL
campo de control de longitud fija 070214s1948 sp r ||||1| spa d
100 1# - ENTRADA PRINCIPAL--NOMBRE DE PERSONA
Nombre de persona Roca y Sanz de Andino, José María Carlos.
9 (RLIN) 98017
245 10 - MENCIÓN DEL TÍTULO
Título Oficiales liquidadores de arbitrios y tasas sobre especies de consumo del Ayuntamiento de Madrid
Resto del título : respuesta a los 11 temas de Elementos de Derecho público, 23 de Hacienda municipal y ordenanzas de exacciones y 7 de Contabilidad /
Mención de responsabilidad, etc. por D. José María Carlos Roca y Sanz de Andino.
260 ## - PUBLICACIÓN, DISTRIBUCIÓN, ETC.
Lugar de publicación, distribución, etc. Madrid :
Nombre del editor, distribuidor, etc. Instituto Editorial Reus,
Fecha de publicación, distribución, etc. 1948.
300 ## - DESCRIPCIÓN FÍSICA
Extensión 324 p. ;
Dimensiones 22 cm.
490 1# - MENCIÓN DE SERIE
Mención de serie Contestaciones Reus
830 0# - PUNTO DE ACCESO ADICIONAL DE SERIE-TÍTULO UNIFORME
Título uniforme Contestaciones Reus
9 (RLIN) 181923
852 ## - LOCALIZACIÓN
Ubicación ES-MaACL
Número de control de estantería C-5413
Sublocalización o colección R.25725
Holdings
Estatus retirado Estado de pérdida Estado de daño No para préstamo Biblioteca de origen Biblioteca actual Ubicación en estantería Fecha de adquisición Fuente de adquisición Total de préstamos Signatura topográfica completa Código de barras Visto por última vez Precio de reemplazo Tipo de ítem Koha
        Biblioteca del Ateneo de Madrid Biblioteca del Ateneo de Madrid Sala Palomar 17/01/2008     C-5413 1136814 23/02/2023 23/02/2023 Libro impreso